000 01698cam a22004574i 4500
003 PE-LiUPU
005 20250731173538.0
008 150616s1993 tnu r 000 0 eng d
020 _a0687009316
035 _a(Sirsi) i9780687009312
040 _aPE-LiUPU
_bspa
_cPE-LiUPU
_erda
049 _aPRUA
082 0 4 _a264.0089
_bC79
_221
100 1 _aCosten, Melva Wilson,
_eautor.
245 1 0 _aAfrican American Christian Worship /
_cMelva Wilson Costen.
264 1 _aNashville, Tennessee :
_bAbingdon Press,
_c1993.
300 _a160 páginas ;
_c21 centímetros
336 _atext
_2rdacontent
337 _aunmediated
_2rdamedia
338 _avolume
_2rdacarrier
505 0 _aA theology of African American worship -- The african religious heritage -- Worship in the invisible institution -- Praise house worship- Rituals, sacraments and ordinance -- Origins and practices of african american denominations and congregations.
526 _aSEG42
526 _aSEG41
526 _aSEG40
526 _aSEG39
526 _aP94
526 _aP87
526 _aP86
526 _aP85
526 _aP77
526 _aP76
526 _aP35
650 1 4 _aCulto público afroamericano.
910 _ajck
_bjvq
_cjck
942 _2ddc
_cBOOK
949 _a264.0089 C79
_wDEWEY
_c1
_i42508
_lCCODEBUL1
_mBUL
_r0
_sY
_tBOOK
_u2015-6-16
_xTEOLOGIA
_zUNKNOWN
_0COMPRA
_o.STAFF. Colección General
994 _aC0
_bPEPRU
596 _a1
999 _a264.0089 C79
_wDEWEY
_c60341
_i42508
_f2021-11-10
_g5
_lCCODEBUL1
_mBUL
_p18.99
_r0
_sY
_tBOOK
_u2015-6-16
_xTEOLOGIA
_PP35
_0COMPRA
_o.STAFF. Colección Teología
_d60341
980 _81
_gALBERTO SANCHEZ Responsable de Automatización